ANTHROPOLOGY IN THE SERVICE OF HUMANITY (Record no. 180226)

MARC details
000 -LEADER
fixed length control field 00526nam a22001817a 4500
005 - DATE AND TIME OF LATEST TRANSACTION
control field 20210729165112.0
010 ## - LCCN (DPL NO)
LC control number ENG-129653
020 ## - INTERNATIONAL STANDARD BOOK NUMBER
International Standard Book Number 978-81-927999-0-2
035 ## - SYSTEM CONTROL NUMBER
System control number EN-113185
037 ## - SOURCE OF ACQUISITION
Source of stock number/acquisition DBAD/PUB
082 ## - DEWEY DECIMAL CLASSIFICATION NUMBER
Classification number 573
Item number 1
100 ## - MAIN ENTRY--PERSONAL NAME
Personal name REDDY,V.RAMI
245 ## - TITLE STATEMENT
Title ANTHROPOLOGY IN THE SERVICE OF HUMANITY
Statement of responsibility, etc V.RAMI REDDY
260 ## - PUBLICATION, DISTRIBUTION, ETC. (IMPRINT)
Name of publisher, distributor, etc V.INDIRA
Date of publication, distribution, etc 2018
270 ## - ADDRESS
Address #8-30,(OPP) VIDYANAGAR SVUNT COLONY,TIRUPATI
City ANDHRA PRADESH
Postal code 517502
300 ## - PHYSICAL DESCRIPTION
Extent 62p.
Other physical details 22cm(pbk)
942 ## - ADDED ENTRY ELEMENTS (KOHA)
Source of classification or shelving scheme Dewey Decimal Classification
Item type English Books
Classification part 573
Call number prefix RED
Edition 1
Holdings
Withdrawn status Lost status Not for loan Collection code Home library Current library Date acquired Source of acquisition Cost, normal purchase price Full call number Barcode Copy number Cost, replacement price Koha item type
      Non-fiction Shahdara Branch Shahdara Branch 29/07/2021 DBAD/PUB 190.00 573 EN-113185 1 190.00 English Books

© Delhi Public Library
Hit Counter
free hit counter